Aprendizaje: teoría del refuerzo

Gespeichert in:
Bibliographische Detailangaben
1. Verfasser: Keller, Fred Simmons (VerfasserIn)
Format: Buch
Sprache:Spanisch
Veröffentlicht: Buenos Aires Paidós 1973
Ausgabe:3a. ed
Schriftenreihe:Biblioteca del hombre contemporáneo, 132
Schlagworte:
Tags: Tag hinzufügen
Keine Tags, Fügen Sie den ersten Tag hinzu!

MARC

LEADER 00000nam a2200000 a 4500
001 UCY6364
003 CL-VaPUC
008 950526e19730000AG |||||||||||||||||spa|d
082 0 4 |a 153.15  |b KEL  |2 21 
100 |a Keller, Fred Simmons  |e author  |9 336266 
245 1 0 |a Aprendizaje: teoría del refuerzo 
250 |a 3a. ed 
300 |a 101 p 
942 |c BK 
945 |d 19950526 00:00:00  |a mfernand 
260 |a Buenos Aires  |b Paidós  |c 1973 
600 0 7 |a SKINNER, BURRHUS FREDERICK  |2 CL-VaPUC  |9 336267 
650 0 |a Aprendizaje   |9 254827 
650 0 |a Procesos de aprendizaje  |9 309161 
650 0 |a Procesos mentales superiores  |9 330839 
650 7 |a DESARROLLO DE LOS PROCESOS MENTALES  |2 CL-VaPUC  |9 334692 
650 0 |a Cognición   |9 270347 
650 7 |a ESTIMULO  |2 CL-VaPUC  |9 334622 
650 7 |a RESPUESTA  |2 CL-VaPUC  |9 335648 
650 0 |a Comportamiento   |9 308406 
583 |a last modification  |c 19950526 00:00:00  |k Rodrigo Vera 
490 0 |a Biblioteca del hombre contemporáneo, 132 
999 |c 233930  |d 233928 
952 |0 0  |1 0  |4 0  |6 153_150000000000000_KEL_1973  |7 0  |8 P  |9 239768  |a BIBEDU  |b BIBEDU  |c BIBEDU_PB  |d 2019-11-18  |i 1511130  |o 153.15 KEL 1973  |p 1511130  |r 2024-01-25  |w 2019-11-18  |y BK  |k EDU